000 01137nas a22003251i 4500
001 1896
003 ES-MaACL
005 20251009160954.0
007 t|
008 950801d18641867sp s|yp | ||pa d
022 _a2171-0252
080 _a460
080 _a(051)
245 0 0 _aRevista hispano-americana
_b: política, científica y literaria /
_c[dir. Antonio Angulo Heredia].
246 3 _aRevista hispano-americana (Madrid. 1864)
260 _a[Madrid] :
_bRevista Hispano-Americana,
_c1864-1867 (
_fImp. de Galiano)
300 _av. ;
_c23 y 32 cm.
310 _aQuincenal
321 _aMensual,
_b1864
321 _aSemanal,
_b1865
362 1 _aAño 1, t. I (nov. 1864)-30 mayo 1867.
530 _aDisponible en formato digital.
650 1 4 _aRevistas de información general.
_916896
700 1 _aAngulo y Heredia, Antonio,
_d1837-1875
_921794
785 0 0 _tEl Imparcial, Revista hispano-americana
_x2171-0260
852 _aES-MaACL
_jG-5612-17
856 _uhttp://hemerotecadigital.bne.es/details.vm?o=&w=2171-0252&f=issn&l=500
_zHemeroteca Digital
866 0 _o1864-66(1867).
999 _c1896
_d1896